[Event "Najdorf op"]
[Site "Buenos Aires"]
[Date "1998.10.25"]
[Round "2"]
[White "Ricardi, Pablo"]
[Black "Ripari, Marcelo"]
[Result "1-0"]
[WhiteElo "2545"]
[BlackElo "2310"]

1.e4 c5 2.Nf3 Nc6 3.Bb5 e6 4.O-O Nge7 5.c3 a6 6.Ba4 b5 7.Bc2 Bb7 8.a4 Ng6
9.Re1 Rc8 10.axb5 axb5 11.Na3 Qa5 12.d3 b4 13.cxb4 Nxb4 14.Ba4 Be7 15.Bd2 Qc7
16.Nc2 Nxc2 17.Qxc2 O-O 18.Rec1 f5 19.Bb5 fxe4 20.dxe4 Bc6 21.Bxc6 Qxc6 22.Be3 Ra8
23.Rxa8 Rxa8 24.h3 Rb8 25.b3 Qb5 26.Nd2 Ne5 27.Nc4 Nc6 28.Qd1 Nb4 29.Nd6 Qa6
30.Bxc5 Nd3 31.Ra1 Qc6 32.Qxd3 Qxc5 33.Nc4 d5 34.exd5 exd5 35.Ne3 d4 36.Nc4 Bf6
37.Qe4 Qe7 38.Ra8 Rxa8 39.Qd5+ Kf8 40.Qxa8+ Kf7 41.Qd5+ Qe6 42.Qxe6+ Kxe6
43.Nb2 Kd5 44.Kf1 d3 45.Nxd3 Kd4 46.Ke2 Kc3 47.b4 Bd4 48.f4 Kc4 49.g4 Kc3
50.h4 Kc4 51.h5 Kc3 52.g5 h6 53.Nc5 hxg5 54.fxg5 Kxb4 55.Ne6 Bb2 56.Kd3 Kb5
57.Ke4 Kc6 58.Nd4+ Kc5 59.Nf5 Bc1  1-0

[Event "Andres Clemente Vazquez mem"]
[Site "Guiines"]
[Date "1998.10.25"]
[Round "12"]
[White "Gonzalez, Yuri"]
[Black "Vega, Lemay"]
[Result "1-0"]
[WhiteElo "2385"]
[BlackElo "2260"]

1.e4 c5 2.Nf3 Nc6 3.Bb5 g6 4.Bxc6 bxc6 5.O-O Bg7 6.Re1 Nh6 7.c3 f6 8.d4 cxd4
9.cxd4 Nf7 10.Nc3 d6 11.b3 O-O 12.h3 Bd7 13.Bb2 Rc8 14.Qd3 Qa5 15.Rad1 Rfe8
16.Nd2 c5 17.Nc4 Qd8 18.f4 Qc7 19.e5 Bf5 20.Qf3 cxd4 21.Nd5 Qd7 22.exf6 Bxf6
23.Nxf6+ exf6 24.Qd5 Rxe1+ 25.Rxe1 Qc6 26.Qxd4 d5 27.Ne3 Be4 28.Ng4  1-0

[Event "Wch U18"]
[Site "Oropesa del Mar"]
[Date "1998.10.25"]
[Round "1"]
[White "Svetushkin, Dmitry"]
[Black "Crosa Coll, Martin"]
[Result "1-0"]
[WhiteElo "2460"]
[BlackElo "2225"]

1.e4 c5 2.Nf3 Nc6 3.Bb5 g6 4.O-O Bg7 5.Re1 Nf6 6.e5 Nd5 7.Nc3 Nc7 8.Bxc6 dxc6
9.Ne4 Ne6 10.d3 O-O 11.Be3 b6 12.Qd2 Nd4 13.Nxd4 cxd4 14.Bh6 c5 15.h4 Qd5
16.Bxg7 Kxg7 17.Qg5 Qe6 18.h5 h6 19.Qg3 Qg4 20.Qxg4 Bxg4 21.Ng3 Rac8 22.f3 Be6
23.b3 Rfd8 24.Ne2 Rc6 25.Kf2 a6 26.a4 g5 27.g4 Rd5 28.Ng3 Bc8 29.Re4 Bd7
30.f4 f6 31.e6 Rxe6 32.Nf5+ Kf8 33.Rae1 Rxe4 34.dxe4 Bxf5 35.exd5 Bxc2 36.fxg5 fxg5
37.Re6 Bxb3 38.Rxh6 b5 39.a5 c4 40.d6 exd6 41.Rxd6 c3 42.Ke1 Bc2 43.Rxd4 Kg7
44.Rd7+ Kf6 45.h6  1-0

[Event "Najdorf op"]
[Site "Buenos Aires"]
[Date "1998.10.26"]
[Round "3"]
[White "Hernandez, Gilberto"]
[Black "Minzer, Claudio Javier"]
[Result "0-1"]
[WhiteElo "2520"]
[BlackElo "2390"]

1.e4 c5 2.Nf3 Nc6 3.Bb5 e6 4.Bxc6 bxc6 5.d3 Ne7 6.Ng5 h6 7.Nh3 g6 8.f4 Bg7
9.Nd2 d6 10.Nf2 Rb8 11.c3 Ba6 12.O-O O-O 13.Qc2 f5 14.Rd1 e5 15.fxe5 dxe5
16.Nb3 c4 17.dxc4 Qb6 18.Rd7 Rf7 19.c5 Qb5 20.Bd2 Rbf8 21.c4 Qa4 22.exf5 Bxc4
23.Rc1 Bd5 24.Re1 gxf5 25.Bc3 Ng6 26.Rd6 Nh4 27.Rxe5 Bxe5 28.Bxe5 Re8 29.Qc3 Kh7
30.Qd2 Ng6 31.Bc3 Qh4 32.Nd4 Nf4 33.g3 Nh3+ 34.Nxh3 Qxh3 35.Rxd5 cxd5 36.Ne2  0-1

[Event "ISL-ch"]
[Site "Arborg"]
[Date "1998.10.27"]
[Round "1"]
[White "Vidarsson, Jon G"]
[Black "Stefansson, Hannes"]
[Result "1/2-1/2"]
[WhiteElo "2375"]
[BlackElo "2535"]

1.e4 c5 2.Nf3 Nc6 3.Bb5 e6 4.Bxc6 bxc6 5.d3 Ne7 6.b3 Ng6 7.Bb2 f6 8.h4 h5
9.Qd2 e5 10.g3 Be7 11.Nc3 d6 12.Nd1 Nf8 13.Ne3 Ne6 14.Nf5 Bf8 15.Ne3 d5 16.O-O-O a5
17.a4 g6 18.Kb1 Nd4 19.Nh2 Bh6 20.Qc3 Ne6 21.Ng2 Rb8 22.f4 d4 23.Qd2 c4 24.dxc4 Nc5
25.Ne1 Nxe4 26.Qg2 Bf5 27.Nd3 Qe7 28.Rhe1 exf4 29.gxf4 Kf7 30.Nf1  1/2-1/2

[Event "Hampstead IM4"]
[Site "Hampstead"]
[Date "1998.10.29"]
[Round "5"]
[White "Corkett, Anthony"]
[Black "Varga, Peter"]
[Result "1/2-1/2"]
[WhiteElo "2240"]
[BlackElo "2445"]

1.e4 c5 2.Nf3 Nc6 3.Bb5 e6 4.O-O Nge7 5.Re1 Ng6 6.c3 a6 7.Bf1 d5 8.exd5 Qxd5
9.d4 Bd6 10.dxc5 Qxd1 11.Rxd1 Bxc5 12.Nbd2 e5 13.Ne4 Be7 14.h3 Bf5 15.Nd6+ Bxd6
16.Rxd6 Ke7 17.Rd1 Rhd8 18.Be3  1/2-1/2

[Event "DEN-chT 9899"]
[Site "Denmark"]
[Date "1998.11.01"]
[Round "1"]
[White "Petersen, Steen"]
[Black "Nordenbaek, Jan"]
[Result "1-0"]
[WhiteElo "2150"]
[BlackElo "2270"]

1.e4 c5 2.Nf3 Nc6 3.Bb5 g6 4.O-O Bg7 5.c3 e5 6.d3 Nge7 7.Be3 d6 8.a4 O-O
9.d4 cxd4 10.cxd4 Bg4 11.d5 Nd4 12.Bxd4 exd4 13.Be2 Bxf3 14.Bxf3 Qb6 15.Nd2 Qb4
16.b3 Rac8 17.Nc4 f5 18.Re1 fxe4 19.Bxe4 Rce8 20.Rb1 Qc5 21.Nb2 Kh8 22.Nd3 Qc8
23.Rc1 Qd7 24.g3 Be5 25.Qd2 Rf7 26.Re2 Ref8 27.Bg2 Bg7 28.Nf4 Nf5 29.Ne6 Bh6
30.f4 Rc8 31.Rxc8+ Qxc8 32.Bh3 d3 33.Rf2 Ng7 34.Ng5 Rd7 35.Nf7+  1-0

[Event "Wch U18"]
[Site "Oropesa del Mar"]
[Date "1998.11.02"]
[Round "7"]
[White "Haroutjunian, Gevorg"]
[Black "Halkias, Stelios"]
[Result "0-1"]
[WhiteElo "2310"]
[BlackElo "2435"]

1.Nf3 c5 2.e4 Nc6 3.Bb5 d6 4.O-O Bd7 5.b3 Nf6 6.Re1 e5 7.Bb2 Be7 8.c3 a6
9.Bxc6 Bxc6 10.Qc2 Rc8 11.Na3 O-O 12.Rad1 b5 13.d3 Qd7 14.Qe2 Qb7 15.Bc1 Rce8
16.Bg5 h6 17.Bc1 Nh7 18.d4 f5 19.dxe5 fxe4 20.Nd2 Bh4 21.g3 Ng5 22.Qg4 Bd7
23.Qxh4 Nh3+ 24.Kg2 Rxf2+ 25.Kh1 e3+  0-1

[Event "Wch U18 Girls"]
[Site "Oropesa del Mar"]
[Date "1998.11.02"]
[Round "7"]
[White "Greabca, Diana"]
[Black "Sanchez Castillo, Sarai"]
[Result "0-1"]
[WhiteElo "2020"]
[BlackElo "2075"]

1.e4 c5 2.Nf3 Nc6 3.Bb5 g6 4.O-O Bg7 5.Re1 e5 6.b4 Nxb4 7.Bb2 Qc7 8.Nc3 Ne7
9.Nd5 Nbxd5 10.exd5 f6 11.Bc4 d6 12.h3 O-O 13.Qe2 a6 14.a4 g5 15.Nh2 Ng6
16.c3 Nf4 17.Qf1 Bd7 18.d4 b5 19.axb5 axb5 20.Rxa8 Rxa8 21.Bxb5 Bxb5 22.Qxb5 cxd4
23.Qb3 Rb8 24.Qc2 Rxb2  0-1

[Event "Wch U18 Girls"]
[Site "Oropesa del Mar"]
[Date "1998.11.03"]
[Round "8"]
[White "Kaps, Darja"]
[Black "Morkunaite, Egle"]
[Result "1-0"]
[WhiteElo "2155"]
[BlackElo "2065"]

1.e4 c5 2.Nf3 Nc6 3.Bb5 e6 4.O-O Nge7 5.b3 Nd4 6.Nxd4 cxd4 7.Bb2 Nc6 8.Bxc6 dxc6
9.e5 g6 10.d3 Bg7 11.Re1 Qd5 12.Qe2 b5 13.c4 Qd7 14.Qe4 Bb7 15.c5 Rd8 16.Nd2 Qd5
17.b4 O-O 18.Nf3 a5 19.Qxd5 Rxd5 20.a3 Ra8 21.Bxd4 axb4 22.axb4 Ra4 23.Rxa4 bxa4
24.Ra1 Ba6 25.Rxa4 Bb7 26.Ra7 Rd7 27.Kf1 Bh6 28.Be3 Bg7 29.Ke2 f6 30.exf6 Bxf6
31.Bd4 Kf7 32.Bxf6 Kxf6 33.d4 Bc8 34.Rxd7 Bxd7 35.Ne5 Be8 36.Ke3 Ke7 37.Kf4 Kf6
38.h4 h6 39.Ng4+ Kg7 40.Ke5 h5 41.Nf6 Bf7 42.b5  1-0

[Event "Wch U18 Girls"]
[Site "Oropesa del Mar"]
[Date "1998.11.04"]
[Round "9"]
[White "Voicu, Carmen"]
[Black "Sanchez Castillo, Sarai"]
[Result "0-1"]
[WhiteElo "2120"]
[BlackElo "2075"]

1.e4 c5 2.Nf3 Nc6 3.Bb5 g6 4.O-O Bg7 5.Re1 e5 6.Bxc6 dxc6 7.d3 Ne7 8.Be3 b6
9.a4 a5 10.Nbd2 O-O 11.Nc4 Qc7 12.b4 cxb4 13.Bxb6 Qb7 14.Bc5 f6 15.c3 Be6
16.cxb4 Bxc4 17.dxc4 Rfd8 18.Qc2 Bf8 19.b5 cxb5 20.cxb5 Rac8 21.Qb3+ Kg7
22.Rac1 g5 23.h4 g4 24.Nh2 h5 25.Qe3 Kh7 26.Bxe7 Bh6 27.Rxc8 Bxe3 28.Rxd8 Qxe7
29.Red1 Bd4 30.R1xd4 exd4 31.Rxd4 Qa7 32.Rd2 Qc5 33.Nf1 Qb4 34.Rd7+ Kg6 35.Ne3 Qxe4
36.b6 Qb1+ 37.Kh2 Qxb6 38.Nd5 Qxf2 39.Ne7+ Kf7 40.Nc6+ Ke6 41.Rb7 Qxh4+ 42.Kg1 Qe1+
43.Kh2 Kd6 44.Nd4 Qe5+ 45.Kh1 Qxd4 46.Rh7 g3 47.Rd7+ Ke5 48.Re7+ Kf5 49.Re5+ Qxe5  0-1

[Event "Donetzk zt"]
[Site "Donetsk"]
[Date "1998.11.06"]
[Round "5"]
[White "Kuzmin, Gennadi P"]
[Black "Zubarev, Alexander"]
[Result "1/2-1/2"]
[WhiteElo "2560"]
[BlackElo "2440"]

1.e4 c5 2.Nf3 Nc6 3.Bb5 g6 4.c3 Bg7 5.O-O Nf6 6.e5 Nd5 7.d4 cxd4 8.cxd4 O-O
9.Nc3 Nxc3 10.bxc3 d6 11.exd6 exd6 12.Bg5 Qc7 13.Re1 a6 14.Ba4 Bd7 15.Nd2 h6
16.Bf4 Na5 17.Ne4 Bxa4 18.Qxa4 Nc4 19.Qb4 Rfd8 20.Rab1  1/2-1/2

[Event "Chigorin mem"]
[Site "St. Petersburg"]
[Date "1998.11.07"]
[Round "7"]
[White "Chehlov, Aleksander"]
[Black "Kalinichev, Konstantin"]
[Result "1/2-1/2"]
[WhiteElo "2315"]
[BlackElo "2190"]

1.e4 c5 2.Nf3 Nc6 3.Bb5 g6 4.O-O Bg7 5.c3 d5 6.Qa4 dxe4 7.Bxc6+ bxc6 8.Qxc6+ Bd7
9.Qxe4 Nf6 10.Qh4 O-O 11.d4 Bc6 12.Nbd2 cxd4 13.Nxd4 Bb7 14.N2f3 Re8 15.Bf4 Nd5
16.Be5 Bxe5 17.Nxe5 f6 18.Nf7 Qc8 19.Nh6+ Kg7 20.c4 Nb4 21.b3 e5 22.Ng4 Rf8
23.Nb5 Qc6 24.f3 h5 25.Nf2 Nc2 26.Rad1 a6 27.Rd6 Qc8 28.Nc3 Ne3 29.Nfe4 Nf5
30.Qf2 Bxe4 31.Nxe4 Nxd6 32.Nxd6 Qc6 33.Ne4 Rfd8 34.Nc3 Rd4 35.Nd5 Rd8 36.f4 R8xd5
37.cxd5 Qxd5 38.fxe5 Qxe5 39.h3 a5 40.Re1 Qd6 41.Qe3  1/2-1/2

[Event "SLO-chT"]
[Site "Bled"]
[Date "1998.11.09"]
[Round "3"]
[White "Gostisa, Leon"]
[Black "Polajzer, Danilo"]
[Result "1-0"]
[WhiteElo "2425"]
[BlackElo "2420"]

1.e4 c5 2.Nf3 Nc6 3.Bb5 Nf6 4.Nc3 g6 5.h3 Nd4 6.e5 Nxb5 7.Nxb5 Nd5 8.Ng5 h6
9.Nxf7 Kxf7 10.Qf3+ Nf6 11.exf6 exf6 12.Qd5+ Kg7 13.O-O Qb6 14.c4 Qc6 15.d4 Qxd5
16.cxd5 d6 17.Nc7 Rb8 18.dxc5 g5 19.c6 bxc6 20.dxc6 Rb6 21.Be3 Rxc6 22.Rac1 Rxc1
23.Rxc1 Be7 24.Nd5  1-0

[Event "Chigorin mem"]
[Site "St. Petersburg"]
[Date "1998.11.09"]
[Round "9"]
[White "Chehlov, Aleksander"]
[Black "Aleksandrov, Danila"]
[Result "1-0"]
[WhiteElo "2315"]
[BlackElo "2240"]

1.e4 c5 2.Nf3 Nc6 3.Bb5 g6 4.O-O Bg7 5.c3 Nf6 6.Re1 O-O 7.h3 d5 8.e5 Ne8
9.d4 cxd4 10.cxd4 Na5 11.Nc3 Nc7 12.Bf1 a6 13.b3 b5 14.Be3 Bb7 15.Qd2 Ne6
16.Rac1 Rc8 17.Bd3 Qb6 18.h4 Bc6 19.h5 gxh5 20.Ne2 f5 21.Bh6 Bd7 22.Bxg7 Kxg7
23.Bb1 Nc6 24.Rcd1 Be8 25.Nf4 Nxf4 26.Qxf4 e6 27.Rc1 Bg6 28.Ng5 Ne7 29.Rcd1 Kh8
30.Nh3 Kg7 31.Qg5 Rf7 32.Nf4 Kh8 33.Re3 b4 34.Rh3 Rc3 35.g3 Qc6 36.Ne2 Ng8
37.Nxc3 bxc3 38.Bc2 Qb5 39.Qc1 Qe2 40.Re1 Qb5 41.Rh4 Qa5 42.a3 Qb6 43.b4 a5
44.bxa5 Qxa5 45.Re3 Rb7 46.Rf4 Rb2 47.a4 Qb4 48.Kg2 Ne7 49.Rd3 Qc4 50.Rff3 Rb7
51.Qg5 Ng8 52.Qf4 Rb4 53.a5 Qa2 54.Rxc3 Qxa5 55.Rc5 Qa1 56.Rfc3 Rc4 57.R3xc4 dxc4
58.Rxc4 Be8 59.Rc5 Qa8+ 60.Qf3 Qa7 61.Bb3 Bd7 62.Bd1 Be8 63.Qc3 Qf7 64.Rc7 Qg6
65.Qe3 h4 66.Qf4 hxg3 67.fxg3 h6 68.Bf3 Bf7 69.Kf2 h5 70.Rc1 Nh6 71.Rh1 Ng4+
72.Bxg4 Qxg4 73.Qxg4 fxg4 74.Ke3 Kg7 75.Rf1 Kf8 76.Kf4 Ke7 77.Kg5 Be8 78.Rh1 Bc6
79.Rxh5 Bf3 80.Rh7+ Kd8 81.Kf6 Be4 82.Re7  1-0

[Event "Young Masters 5th"]
[Site "Loures"]
[Date "1998.11.11"]
[Round "9"]
[White "Rocha, Sergio"]
[Black "Hernandez, Roman"]
[Result "1/2-1/2"]
[WhiteElo "2425"]
[BlackElo "2440"]

1.e4 c5 2.Nf3 Nc6 3.Bb5 g6 4.O-O Bg7 5.Bxc6 dxc6 6.Nc3 e5 7.d3 Qe7 8.a4 Nf6
9.a5 Nd7 10.Bg5 f6 11.Be3 Nf8 12.Nd2 Be6 13.b3 Bf7 14.Nc4 Ne6 15.Qd2 O-O
16.Rae1 Rfd8 17.Ne2 Rd7 18.f4 exf4 19.Nxf4 Nd4 20.Ne2 Re8 21.Ng3 b5 22.axb6 Bxc4
23.bxc4 axb6 24.Rb1 Qd8 25.Rf2 Bf8 26.Rbf1 Bg7 27.Kh1 Qc7 28.Qd1 Qd8 29.Qb1 Kh8
30.Qa2 Qa8 31.Qb2 Qd8 32.Bxd4 Rxd4 33.Rb1 b5 34.cxb5 Rb4 35.Qa2 Qa8 36.Ra1 Qxa2
37.Rxa2 cxb5 38.Rf1 c4 39.d4 c3 40.Ra3 Rxd4 41.Rxc3 Kg8  1/2-1/2

[Event "Donetzk zt"]
[Site "Donetsk"]
[Date "1998.11.13"]
[Round "11"]
[White "Zontakh, Andrey"]
[Black "Mikhaletz, Lubomir"]
[Result "1-0"]
[WhiteElo "2540"]
[BlackElo "2495"]

1.e4 c5 2.Nf3 Nc6 3.Bb5 g6 4.O-O Bg7 5.Re1 Nd4 6.Nxd4 cxd4 7.c3 a6 8.Bf1 d5
9.e5 dxc3 10.bxc3 Nh6 11.d4 O-O 12.Nd2 Bd7 13.Qb3 Bc6 14.a4 Qd7 15.a5 Bb5
16.Ba3 Ba4 17.Qa2 Rfc8 18.Bc5 Bc6 19.Nf3 e6 20.Qd2 Nf5 21.g4 Bh6 22.Qb2 Ne7
23.h3 Bf4 24.h4 h6 25.Reb1 Rf8 26.Qa3 Rae8 27.Bd3 f6 28.Re1 fxe5 29.Nxe5 Bxe5
30.Rxe5 Rf4 31.Be2 Kg7 32.Re3 Nc8 33.Re1 Qf7 34.f3 Qf6 35.Bd6 Nxd6 36.Qxd6 e5
37.Qxf6+ Kxf6 38.Bd1 e4 39.fxe4 dxe4 40.Kg2 g5 41.hxg5+ Kxg5 42.Rh1 Rd8 43.Rh5+ Kg6
44.Be2 Rf6 45.Kg3 Kg7 46.Re5 Rg6 47.Kh4 Kf6 48.Rf5+ Kg7 49.Bc4 Rf6 50.Re5 Rfd6
51.Bb3 Rg6 52.Re7+ Kh8 53.Re1 Rg7 54.Re6 Kh7 55.Bc2 Rg5 56.Bxe4+ Bxe4 57.R1xe4 Rxa5
58.Re7+ Kg8 59.Rxb7 Rc8 60.c4 Ra4 61.c5 Kf8 62.Rf4+ Ke8 63.Rbf7 Rc6 64.Rf8+ Ke7
65.R4f7+ Ke6 66.Rf6+ Ke7 67.Rxc6 Kxf8 68.d5 Rc4 69.Rc7 Ke8 70.c6 Kd8 71.Rd7+ Kc8
72.Kh5 a5 73.Ra7 Rc5 74.Kxh6 Rxd5 75.g5  1-0

[Event "AUT-chT2O 9899"]
[Site "AUT"]
[Date "1998.11.15"]
[Round "4"]
[White "Schoeneberg, Manfred"]
[Black "Voegel, Wolfgang"]
[Result "1/2-1/2"]
[WhiteElo "2345"]
[BlackElo "2225"]

1.e4 c5 2.Nf3 Nc6 3.Bb5 g6 4.O-O Bg7 5.c3 Nf6 6.e5 Nd5 7.d4 cxd4 8.cxd4 O-O
9.Nc3 Nc7 10.h3 a6 11.Ba4 b5 12.Bb3 Bb7 13.Re1 Na5 14.Ne4 Nxb3 15.Qxb3 Bxe4
16.Rxe4 d5  1/2-1/2

[Event "Max Wilkerson"]
[Site "San Francisco"]
[Date "1998.11.19"]
[Round "2"]
[White "Schiller, Eric"]
[Black "Pinto, Mark"]
[Result "0-1"]
[WhiteElo "2190"]
[BlackElo "2165"]

1.e4 c5 2.Nf3 Nc6 3.Bb5 Na5 4.b4 a6 5.Ba4 cxb4 6.c3 e6 7.O-O b5 8.Bc2 Bb7
9.d4 Nf6 10.Qe2 Rc8 11.cxb4 Bxb4 12.a4 Qc7 13.Ra2 Qc4 14.Qxc4 Nxc4 15.axb5 axb5
16.Bd2 Be7 17.Re1 O-O 18.Bd3 Ra8 19.Rc2 Rfc8 20.Bg5 h6 21.Bh4 Bb4 22.Rec1 Bxe4
23.Bxe4 Nxe4 24.Ne5 d5 25.f3 Ned2 26.Nd3 Ba5 27.Nc5 Nxb1 28.Rxb1 Na3  0-1

[Event "Owens Corning"]
[Site "Wrexham"]
[Date "1998.11.19"]
[Round "2"]
[White "Brynell, Stellan"]
[Black "Thorhallsson, Throstur"]
[Result "1/2-1/2"]
[WhiteElo "2485"]
[BlackElo "2495"]

1.e4 c5 2.Nf3 Nc6 3.Bb5 e6 4.O-O Nge7 5.Nc3 a6 6.Bxc6 Nxc6 7.d4 cxd4 8.Nxd4 Qc7
9.Nxc6 dxc6 10.Qg4 b5 11.Be3 e5 12.Qg3 Be6  1/2-1/2

[Event "BL2-O9899"]
[Site "Germany"]
[Date "1998.11.22"]
[Round "2.3"]
[White "Buchal, Stephan"]
[Black "Arnold, Johannes"]
[Result "1/2-1/2"]
[WhiteElo "2355"]
[BlackElo "2325"]

1.e4 c5 2.Nf3 Nc6 3.Bb5 g6 4.Bxc6 dxc6 5.d3 Bg7 6.h3 Nf6 7.Nc3 O-O 8.Be3 b6
9.Qd2 Ne8 10.Bh6 f6 11.e5 Be6 12.O-O Qd7 13.Bxg7 Nxg7 14.Rfe1 Nf5 15.Ne4 Bd5
16.Rad1 Nd4 17.Nh2 Rad8 18.exf6 exf6 19.c3 Nf5 20.Ng4 Bxe4 21.Rxe4 Kg7 22.Qf4 Qd6
23.Qf3 Rfe8 24.Rde1 Rxe4 25.dxe4 Nh6 26.e5 fxe5 27.Nxe5 Re8 28.Nd3 Rxe1+
29.Nxe1 Qd5 30.a3 Qxf3 31.Nxf3 Kf6 32.Kf1 Nf5 33.Ke2 Nd6 34.Nd2 c4 35.Ke3 Ke5
36.f4+ Kd5 37.g4 b5 38.Nf3 Ne4 39.f5 gxf5 40.gxf5 Nc5 41.Nd4 Na4 42.f6 Kd6
43.Nxc6 Ke6 44.Nxa7 Kxf6 45.Nxb5 Ke5 46.Nd4 Nxb2 47.Nf3+ Kd5 48.Ng5 h6 49.Nf7 Nd1+
50.Kd2 Nf2 51.h4 Ne4+ 52.Kc2 h5 53.a4 Ng3 54.Nh8 Nf5 55.Ng6 Kc5 56.Kb2 Kb6
57.Ka2 Ka6 58.Kb2 Kb6 59.Ka2 Ka6 60.Ka3 Ka5 61.Ne5 Nxh4 62.Nxc4+ Ka6  1/2-1/2

[Event "BL2-W9899"]
[Site "Germany"]
[Date "1998.11.22"]
[Round "2.1"]
[White "Hort, Vlastimil"]
[Black "Kishnev, Sergey"]
[Result "1-0"]
[WhiteElo "2510"]
[BlackElo "2500"]

1.e4 c5 2.Nf3 Nc6 3.Bb5 e6 4.O-O Nge7 5.c3 a6 6.Ba4 b5 7.Bc2 Bb7 8.d4 cxd4
9.Nxd4 Ng6 10.Be3 d5 11.Nxc6 Bxc6 12.Nd2 Be7 13.Qh5 O-O 14.e5 Be8 15.Nf3 f5
16.exf6 Bxf6 17.Rad1 Bf7 18.Bd4 Re8 19.Rfe1 Nf8 20.Qg4 Bg6 21.Bxg6 hxg6 22.Bc5 Be7
23.Bxe7 Qxe7 24.Rd4 a5 25.a3 Ra6 26.Ne5 g5 27.Qh5 Rd8 28.h4 Nh7 29.hxg5 Nxg5
30.Rh4  1-0

[Event "AMEBS"]
[Site "La Plata"]
[Date "1998.11.24"]
[Round "3"]
[White "Panno, Oscar"]
[Black "Amura, Claudia Noemi"]
[Result "1/2-1/2"]
[WhiteElo "2465"]
[BlackElo "2350"]

1.e4 c5 2.Nf3 Nc6 3.Bb5 e6 4.O-O Nge7 5.Re1 a6 6.Bf1 d5 7.d3 Ng6 8.Nbd2 Be7
9.g3 O-O 10.Bg2 f5 11.exd5 exd5 12.d4 f4 13.c3 fxg3 14.hxg3 Bg4 15.Nf1 cxd4
16.N1h2 Bxf3 17.Nxf3 dxc3 18.bxc3 Bf6 19.Nd4 Nxd4 20.cxd4 Qd7 21.Ba3  1/2-1/2

[Event "Owens Corning"]
[Site "Wrexham"]
[Date "1998.11.24"]
[Round "7"]
[White "Brynell, Stellan"]
[Black "Dineley, Richard"]
[Result "1-0"]
[WhiteElo "2485"]
[BlackElo "2275"]

1.e4 c5 2.Nf3 Nc6 3.Bb5 g6 4.Bxc6 bxc6 5.O-O Bg7 6.Re1 Nh6 7.c3 O-O 8.d4 cxd4
9.cxd4 d5 10.e5 f6 11.Nbd2 Nf7 12.exf6 exf6 13.Nb3 Bg4 14.h3 Bxf3 15.Qxf3 Ng5
16.Qc3 Rc8 17.Bxg5 fxg5 18.Re6 Rf6 19.Qe3 Qf8 20.Re7 h6 21.Re1 Rf7 22.Qe6 Qxe7
23.Qxc8+ Rf8 24.Rxe7 Rxc8 25.Rxa7 c5 26.dxc5 Bxb2 27.Rd7 d4 28.Kf1 Kf8 29.Ke2 Ba3
30.Rd5 Bb2 31.Kd3 Ke7 32.Nxd4 Bxd4 33.Kxd4 Ra8 34.Re5+ Kd7 35.Re2 Kc6 36.Re6+ Kc7
37.Rxg6 Rxa2 38.Rxh6 g4 39.Rf6 gxh3 40.gxh3 Ra3 41.f3 Ra4+ 42.Kd5 Rh4 43.Rf7+ Kc8
44.Kc6 Rh6+ 45.Kb5 Rxh3 46.Kb6 Rh1 47.Rf8+ Kd7 48.c6+ Ke7 49.c7 Rb1+ 50.Ka5  1-0

[Event "Max Wilkerson"]
[Site "San Francisco"]
[Date "1998.11.25"]
[Round "7"]
[White "Bhat, Vinay S"]
[Black "Cusi, Ronald"]
[Result "1-0"]
[WhiteElo "2235"]
[BlackElo "2355"]

1.e4 c5 2.Nf3 Nc6 3.Bb5 d6 4.O-O e5 5.c3 Bd7 6.d4 Be7 7.dxc5 dxc5 8.Nbd2 Qc7
9.Nc4 Rd8 10.Qb3 f6 11.Ne3 Qc8 12.Nd5 Bd6 13.Be3 Nge7 14.Nxe7 Bxe7 15.Rad1 a6
16.Be2 b5 17.a4 Na5 18.Qa2 Be6 19.Rxd8+ Bxd8 20.Qa3 c4 21.axb5 axb5 22.Qb4 Bd7
23.Qa3 Nb3 24.Rd1 Bc6 25.Nd2 Nxd2 26.Rxd2 Bxe4 27.b3 Be7 28.Qa7 cxb3 29.Bxb5+ Kf7
30.Rd7 Re8 31.Rc7 Qg4 32.Bf1 Bd5 33.Bc5 b2 34.Rxe7+ Rxe7 35.Qxe7+ Kg6 36.Qe8+ Kh6
37.Be3+ g5 38.Bc5  1-0

[Event "Tanta op"]
[Site "Tanta"]
[Date "1998.11.25"]
[Round "9"]
[White "Hassan, Sayed Barakat"]
[Black "Frhat, Ali"]
[Result "1/2-1/2"]
[WhiteElo "2330"]
[BlackElo "2255"]

1.e4 c5 2.Nf3 Nc6 3.Bb5 g6 4.O-O Bg7 5.Re1 Nf6 6.d3 O-O 7.c3 d6 8.Nbd2 e5
9.Nf1 h6 10.Ne3 Nb8 11.Ba4 a6 12.Bc2 Nbd7  1/2-1/2

[Event "Iona Tech Masters"]
[Site "Kilkenny"]
[Date "1998.11.27"]
[Round "2"]
[White "Richards, John"]
[Black "Hennigan, Michael"]
[Result "0-1"]
[WhiteElo "2050"]
[BlackElo "2430"]

1.e4 c5 2.Nf3 Nc6 3.Bb5 e6 4.O-O Nge7 5.c3 a6 6.Be2 d5 7.exd5 exd5 8.d4 c4
9.Re1 g6 10.Bg5 Bg7 11.Nbd2 O-O 12.Nf1 h6 13.Bf4 g5 14.Bg3 Ng6 15.h3 f5 16.Be5 g4
17.Bxg7 gxf3 18.Bxh6 fxe2 19.Qxe2 Rf7 20.Qh5 Nce7 21.Bg5 Qd6 22.Re2 Rh7 23.Bxe7 Rxe7
24.Rxe7 Nxe7 25.Qe8+ Kg7 26.Re1 Ng6 27.h4 Qf8 28.h5 Qxe8 29.Rxe8 Kf7 30.Rd8 Nf8
31.Rxd5 Be6 32.Re5 Nd7 33.Re3 Nf6 34.Rh3 Rh8 35.h6 Kg6 36.Re3 Bd5 37.Nd2 Kxh6
38.Nf3 f4 39.Re7 Re8 40.Rxe8 Nxe8 41.Ne5 Nd6 42.f3 Nf5  0-1

[Event "AUT2W-chT 9899"]
[Site "AUT"]
[Date "1998.11.28"]
[Round "3.5"]
[White "Blaas, Hansjoerg"]
[Black "Kleiser, Gregor"]
[Result "1-0"]
[WhiteElo "2210"]
[BlackElo "2150"]

1.e4 c5 2.Nf3 Nc6 3.Bb5 Nf6 4.e5 Nd5 5.Nc3 Nc7 6.O-O g6 7.Re1 Nd4 8.Nxd4 cxd4
9.Ne4 Bg7 10.Bc4 O-O 11.f4 d5 12.exd6 exd6 13.Ng5 h6 14.Nf3 Qf6 15.d3 Bg4
16.h3 Bd7 17.Bd2 Rae8 18.c3 d5 19.Bb3 dxc3 20.bxc3 Nb5 21.Ne5 Qb6+ 22.d4 Be6
23.Rb1 Na3 24.Rc1 Rc8 25.Qf3 Nc4 26.Bxc4 dxc4 27.Rb1 Qa5 28.Nxg6 Rfe8 29.Ne5 Bd5
30.Qf2 Qxa2 31.f5 f6 32.Ng6 a6 33.Rbd1 Qa4 34.Qg3 Re4 35.Ne7+ Rxe7 36.Rxe7 Qxd1+
37.Kh2 Bf7 38.Bxh6 Kf8 39.Rxf7+ Kxf7 40.Qxg7+ Ke8 41.Qg8+ Kd7 42.Qf7+ Kd8
43.Qxf6+ Kc7 44.Bf4+ Kd7  1-0

[Event "AMEBS"]
[Site "La Plata"]
[Date "1998.11.29"]
[Round "8"]
[White "Spangenberg, Hugo"]
[Black "Amura, Claudia Noemi"]
[Result "1-0"]
[WhiteElo "2520"]
[BlackElo "2350"]

1.e4 c5 2.Nf3 Nc6 3.Bb5 e6 4.O-O Nge7 5.Re1 a6 6.Bxc6 bxc6 7.e5 Ng6 8.b3 Be7
9.Ba3 f6 10.d4 cxd4 11.Bxe7 Qxe7 12.Qxd4 O-O 13.Nbd2 fxe5 14.Nxe5 Nxe5 15.Rxe5 d6
16.Re3 c5 17.Qe4 Ra7 18.Rd1 Rc7 19.Nf3 Kh8 20.c4 a5 21.h4 h6 22.h5 Bb7 23.Qxe6 Qxe6
24.Rxe6 Bxf3 25.gxf3 Rxf3 26.Rdxd6 Rh3 27.Rd5 a4 28.Kg2 Rh4 29.Re1 axb3 30.axb3 Rb7
31.Kg3  1-0

[Event "Young Masters 6th"]
[Site "Loures"]
[Date "1998.12.03"]
[Round "2"]
[White "Charneira, Hermenegildo"]
[Black "Durao, Pedro"]
[Result "0-1"]
[WhiteElo "2140"]
[BlackElo "2140"]

1.e4 c5 2.Nf3 Nc6 3.Bb5 g6 4.O-O Bg7 5.c3 d6 6.d4 cxd4 7.cxd4 a6 8.Ba4 Bd7
9.Re1 e5 10.Nc3 Nge7 11.Nd5 O-O 12.Bg5 f6 13.Bh4 Nxd5 14.Bb3 Kh8 15.exd5 Nxd4
16.Nxd4 exd4 17.Qxd4 g5 18.Bg3 f5 19.Qb4 f4 20.Qxd6 Rf6 21.Qe5 Re6 22.Qxg7+ Kxg7
23.dxe6 Bc6 24.e7 Qc7 25.Re2 fxg3 26.fxg3 Re8 27.Rae1 a5 28.Re5 h6 29.h4 gxh4
30.gxh4 a4 31.Bd1 Qb6+ 32.Kh2 Qf2 33.R5e2 Qxh4+ 34.Kg1 h5 35.Bc2 Qg5 36.b3 a3
37.b4 h4 38.b5 Qxb5 39.Re3 Qc5 40.Re2 Rxe7  0-1

[Event "Budapest FS12 IM-A"]
[Site "Budapest"]
[Date "1998.12.05"]
[Round "1"]
[White "Szalanczy, Emil"]
[Black "Czebe, Attila"]
[Result "1/2-1/2"]
[WhiteElo "2370"]
[BlackElo "2455"]

1.e4 c5 2.Nf3 Nc6 3.Bb5 e6 4.O-O Nge7 5.Re1 Ng6 6.b3 Be7 7.Bb2 O-O 8.Nc3 Qc7
9.Bf1 b6 10.Nb5 Qb8 11.c4 Bb7 12.d4 a6 13.Nc3 cxd4 14.Na4 Bb4 15.Nxb6 Bxe1
16.Qxe1 Qd8 17.Nxa8 e5 18.h4 Bxa8 19.g3 a5 20.Bh3 d6 21.Bg2 Qb8 22.h5 Nge7
23.Qd2 Nb4 24.Re1 Bc6 25.h6 g6 26.Re2 f6 27.Ne1 Bd7 28.Nd3 Nec6 29.Re1 Qb6
30.Rc1 Nxd3 31.Qxd3 Nb4 32.Qd2 Rb8 33.Kh2  1/2-1/2

[Event "Budapest FS12 GM"]
[Site "Budapest"]
[Date "1998.12.05"]
[Round "1"]
[White "Horvath, Csaba"]
[Black "Csiszar, Csaba"]
[Result "1/2-1/2"]
[WhiteElo "2540"]
[BlackElo "2410"]

1.e4 c5 2.Nf3 Nc6 3.Bb5 e6 4.O-O Nge7 5.c3 a6 6.Be2 d5 7.exd5 Nxd5 8.d4 Be7
9.c4 Nf6 10.dxc5 O-O 11.a3 a5 12.Qc2 Bxc5 13.Nc3 h6 14.b3 e5 15.Bb2 Re8 16.Rad1 Qe7
17.Nd5 Nxd5 18.cxd5 Nd4 19.Nxd4 exd4 20.Bb5 Rd8 21.Rfe1 Qd6 22.Bxd4 Bxd4
23.Rxd4 Qxa3 24.h3  1/2-1/2

[Event "Sonnevanck 7th"]
[Site "Wijk aan Zee"]
[Date "1998.12.05"]
[Round "5"]
[White "Van Haastert, Edwin"]
[Black "Friedman, Aviv"]
[Result "1/2-1/2"]
[WhiteElo "2345"]
[BlackElo "2370"]

1.e4 c5 2.Nf3 Nc6 3.Bb5 d6 4.O-O Bd7 5.Re1 a6 6.Bxc6 Bxc6 7.d4 cxd4 8.Qxd4 e6
9.Nc3 Nf6 10.Nd5 e5 11.Nxe5 dxe5 12.Qxe5+ Be7 13.Nc7+ Kf8 14.Nxa8 Qxa8 15.Bd2 Qc8
16.Rad1 Qe6 17.Qxe6 fxe6 18.f3 Kf7 19.Bf4 Bc5+ 20.Be3 Bxe3+ 21.Rxe3 e5 22.Red3 Ke7
23.Kf2 Rc8 24.c3 a5 25.Ke3  1/2-1/2